Nories Nautical Tables : with an explanation of their use. / (Record no. 102)

000 -LEADER
fixed length control field 00568nam a2200169Ia 4500
008 - FIXED-LENGTH DATA ELEMENTS--GENERAL INFORMATION
fixed length control field 190805s9999||||xx |||||||||||||| ||und||
020 ## - INTERNATIONAL STANDARD BOOK NUMBER
International Standard Book Number 9780852889459
Terms of availability £ 24.00
082 04 - DEWEY DECIMAL CLASSIFICATION NUMBER
Classification number 623.890212
Item number N774
100 1# - MAIN ENTRY--PERSONAL NAME
Personal name Norie, J. W.
245 10 - TITLE STATEMENT
Title Nories Nautical Tables : with an explanation of their use. /
260 ## - PUBLICATION, DISTRIBUTION, ETC. (IMPRINT)
Place of publication, distribution, etc Cambridgeshire :
Name of publisher, distributor, etc Imray,Laurie,Norie & Wilson Ltd,
Date of publication, distribution, etc 2007, reprinted 2016
300 ## - PHYSICAL DESCRIPTION
Extent 568 p.
Other physical details :
Dimensions ; 30 cm.
650 #0 - SUBJECT ADDED ENTRY--TOPICAL TERM
Topical term or geographic name as entry element Navigation
Form subdivision Tables
700 1# - ADDED ENTRY--PERSONAL NAME
Personal name Blance, A. G.
852 ## - LOCATION/CALL NUMBER
Location
942 ## - ADDED ENTRY ELEMENTS (KOHA)
Item type Books
Holdings
Withdrawn status Lost status Damaged status Not for loan Collection code Permanent location Current location Shelving location Date acquired Source of acquisition Cost, normal purchase price Full call number Barcode Date last seen Koha item type Public note Source of classification or shelving scheme Total Checkouts Date last borrowed
        Nautical Science IMU Kochi Library IMU Kochi Library Reference 2017-07-26 Sterling Book House 2073.00 623.890212 N774 BK004334 2019-08-05 Books Shelf-4, Row-4      
        Nautical Science IMU Kochi Library IMU Kochi Library Reference 2017-05-18 Sterling Book House 2025.00 623.890212 N774 BK002986 2019-08-05 Books Shelf-4, Row-4      
        Nautical Science IMU Kochi Library IMU Kochi Library Reference 2016-09-09     623.890212 N774 BK002880 2020-01-06 Books Shelf-4, Row-4      
        Nautical Science IMU Kochi Library IMU Kochi Library Reference 2017-07-26 Sterling Book House 2073.00 623.890212 N774 BK004333 2023-05-03 Books Shelf-4, Row-4   1 2023-05-03


Copyright © All Rights Reserved by Indian Maritime University, Kochi Campus.
For any Suggestions/Query Contact to library or Email: library.kochi@imu.ac.in Ph:(0484)-2989402
(Web OPAC Designed by Rudra Ranjan. Maintained by IMU Kochi Library)

Powered by Koha